Central Library OPAC University of Rajshahi

سفر نامۂ چین ;; :safar nāmah cīn / (Record no. 84652)

MARC details
000 -LEADER
fixed length control field 00671cam a2200217 a 4500
001 - CONTROL NUMBER
control field 84652
003 - CONTROL NUMBER IDENTIFIER
rucl marc code BD-RjUL
005 - DATE AND TIME OF LATEST TRANSACTION
control field 20250209131037.0
008 - FIXED-LENGTH DATA ELEMENTS--GENERAL INFORMATION
fixed length control field 250207s1957 pk a 000 0durdo
035 ## - SYSTEM CONTROL NUMBER
System control number (BD-RjUL) 84652
040 ## - CATALOGING SOURCE
Original cataloging agency DLC
Transcribing agency DLC
Modifying agency DLC
Language of cataloging eng
041 ## - LANGUAGE CODE
Language code of text/sound track or separate title urd
082 ## - DEWEY DECIMAL CLASSIFICATION NUMBER
Edition number 23
Classification number 915.1
Author mark and year HAS 1957
245 10 - TITLE STATEMENT
Title سفر نامۂ چین ;; :safar nāmah cīn /
Statement of responsibility, etc. عبدالقدوس ہاشمی ;; Abdul Quddus Hashmi
260 ## - PUBLICATION, DISTRIBUTION, ETC. (IMPRINT)
Place of publication, distribution, etc. Karachi :
Name of publisher, distributor, etc. Anjuman press, ,
Date of publication, distribution, etc. 1957
300 ## - PHYSICAL DESCRIPTION
Pagination 158 p. :
Illustrations col. ill. ;
Size 18 cm.
600 10 - SUBJECT ADDED ENTRY--PERSONAL NAME
Personal name Āsī, Saʻīd
General subdivision Travel
Geographic subdivision China.
651 #0 - SUBJECT ADDED ENTRY--GEOGRAPHIC NAME
Geographic name China
General subdivision Social life and customs.
9 (RLIN) 14929
942 ## - ADDED ENTRY ELEMENTS (KOHA)
Source of classification or shelving scheme Dewey Decimal Classification
Koha item type Books
Holdings
Lost status Source of classification or shelving scheme Damaged status Not for loan Collection code Permanent Location Current Location Shelving location Date acquired Total Checkouts Full call number Date last seen Copy number Koha item type
  Dewey Decimal Classification   Not For Loan Non-fiction Central Library, University of Rajshahi Central Library, University of Rajshahi Reading Room 09/02/2025   U 915.1 HAS 1957 09/02/2025 C-1 Books